MARC

LEADER 00000nam0a2200000 4500
001 363115
005 20231102011546.0
035 |a (RuTPU)RU\TPU\retro\20462 
090 |a 363115 
100 |a 20210920d1980 km y0rusy50 ca 
101 0 |a rus 
102 |a RU 
105 |a a z 001zy 
200 1 |a Теория кодового разделения сигналов  |f И. М. Пышкин 
210 |a Москва  |c Связь  |d 1980 
215 |a 208 с.  |c ил. 
320 |a Библиогр.: с. 199-206 
606 1 |a Кодирование,теория  |2 stltpush  |3 (RuTPU)RU\TPU\subj\14623  |9 40986 
610 1 |a сигналы 
610 1 |a коды 
610 1 |a кодовое разделение 
610 1 |a помехоустойчивое кодирование 
610 1 |a частотно-временные сигналы 
610 1 |a синтез 
610 1 |a оптимальные структуры 
610 1 |a нерешенные сообщения 
610 1 |a адресные системы 
675 |a 621.391  |v 4 
700 1 |a Пышкин  |b И. М.  |g Игорь Михайлович 
801 1 |a RU  |b 63413507  |c 20210920 
942 |c BK